000 00373nam a2200157Ia 4500
008 230711s9999||||xx |||||||||||||| ||und||
041 _aENG
082 _a720
_bMA-U
100 _aMartin ,Richard
245 4 _aThe new urban landscape
250 _a1st Ed.
260 _c1990
_aNew York
_bOlympia & York Companies
300 _a131
650 _aArchitecture
942 _cBK
999 _c2817
_d2817